书目信息 |
| 题名: |
大学生身心健康理论与实务
|
|
| 作者: | 张海涛 编著 | |
| 分册: | ||
| 出版信息: | 镇江 江苏大学出版社 2018 |
|
| 页数: | 211页 | |
| 开本: | 26cm | |
| 丛书名: | ||
| 单 册: | ||
| 中图分类: | G647.9 | |
| 科图分类: | ||
| 主题词: | 大学生--da xue sheng--健康教育--高等教育--教材 | |
| 电子资源: | ||
| ISBN: | 978-7-5684-0731-1 | |
| 000 | 01047nam0 2200265 450 | |
| 001 | 012001002198 | |
| 005 | 20130122103902.0 | |
| 010 | @a978-7-5684-0731-1@dCNY42.00 | |
| 099 | @aCAL 012018134950 | |
| 100 | @a20180914d2018 em y0chiy50 ea | |
| 101 | 0 | @achi |
| 102 | @aCN@b320000 | |
| 105 | @ay a 000yy | |
| 106 | @ar | |
| 200 | 1 | @a大学生身心健康理论与实务@Ada xue sheng shen xin jian kang li lun yu shi wu@f张海涛编著 |
| 210 | @a镇江@c江苏大学出版社@d2018 | |
| 215 | @a211页@d26cm | |
| 320 | @a有书目 (第211页) | |
| 330 | @a本书是针对大学生的身心发展特点, 配合高校大学生思想教育和健康教育工作编写的, 分为心理健康和生理健康两大部分, 具体内容包括: 心理健康总论, 大学生心理挫折与调适, 情绪与心理健康, 人际关系的钥匙, 学习心理, 健全人格的塑造等内容。 | |
| 333 | @a普通高等教育“十三五”规划教材 “互联网+”心理健康教育立体化教材 | |
| 606 | 0 | @a大学生@Ada xue sheng@x健康教育@x高等教育@j教材 |
| 690 | @aG647.9@v5 | |
| 701 | 0 | @a张海涛@Azhang hai tao@4编著 |
| 801 | 0 | @aCN@b江苏凤凰@c20191020 |
| 905 | @b1215077-9@dG647.9@e1165@f3 | |
| 大学生身心健康理论与实务/张海涛编著.-镇江:江苏大学出版社,2018 |
| 211页;26cm |
| 使用对象:普通高等教育“十三五”规划教材 “互联网+”心理健康教育立体化教材 |
| ISBN 978-7-5684-0731-1:CNY42.00 |
| 本书是针对大学生的身心发展特点, 配合高校大学生思想教育和健康教育工作编写的, 分为心理健康和生理健康两大部分, 具体内容包括: 心理健康总论, 大学生心理挫折与调适, 情绪与心理健康, 人际关系的钥匙, 学习心理, 健全人格的塑造等内容。 |
| ● |
| 相关链接 |
|
|
|
|
正题名:大学生身心健康理论与实务
索取号:G647.9/1165
 
预约/预借
| 序号 | 登录号 | 条形码 | 馆藏地/架位号 | 状态 | 备注 |
| 1 | 1215077 | 212150777 | 第一样本阅览室/ [索取号:G647.9/1165] | 在馆 | |
| 2 | 1215078 | 212150786 | 教育系资料室/ [索取号:G647.9/1165] | 在馆 | |
| 3 | 1215079 | 212150795 | 第四借阅区/ [索取号:G647.9/1165] | 在馆 |